|
|
แสดงรายละเอียดบรรณานุกรม |
|
|
Brief Record
: Get Marc (ISO 2709)
: E-mail record
: |
|
|
| LEADER 00000nama 2200000uu 4500 | |||
| 001 187336 | |||
| 003 ULIBM | |||
| 008 040531s2543 th m m a000 0 tha d | |||
| 041 tha | |||
| 050 WB50 พ887พ 2543 | |||
| 100 เพ็ญนภา ทรัพย์เจริญ | |||
| 245 พระราชบัญญัติคุ้มครองและส่งเสริมภูมิปัญญาการแพทย์แผนไทย พ.ศ.2542 002 | |||
| 246 การแพทย์แผนไทย - พระราชบัญญัติ | |||
| 260 นนทบุรี สถาบันการแพทย์แผนไทย 2543 | |||
| 300 49 หน้า | |||
| 650 ภูมิปัญญาชาวบาน - พระราชบัญญัติ | |||
| 998 2002-01-17 | |||
| คุณยังไม่ได้ล็อกอิน คุณสามารถมีกิจกรรมร่วมกับเว็บไซต์ได้ แต่ต้องล็อกอินก่อน :: |
|
| สถานะ | |||||||||
| 1. | หนังสืออ้างอิง | WB50 พ887พ 2543 | On Shelf ขอยืม | ||||||
| 2. | หนังสืออ้างอิง | WB50 พ887พ 2543 | On Shelf ขอยืม | ||||||
| 3. | หนังสืออ้างอิง | WB50 พ887พ 2543 | On Shelf ขอยืม | ||||||
| [แสดง 3/3 รายการ] | |||||||||
| รายการใกล้เคียง ผู้แต่ง [เพ็ญนภา ทรัพย์เจริญ]
|
BibComment |
| คอมเมนท์ทรัพยากรรายการนี้ |
|
|